DC Comics Secret Identities Quiz Stats

 Plays Quiz Updated Feb 4, 2019

Support Sporcle.
Go Orange.
Score 0/100 Timer 15:00
4 Plays Today
Secret Identity Costumed Name % Correct
Bruce WayneBatman
92.1%
Clark KentSuperman
87.5%
Dick GraysonBatman
84.2%
Oliver QueenGreen Arrow
83.5%
Harvey DentTwo-Face
81.8%
Barbara GordonOracle
77.2%
Hal JordanGreen Lantern
75.8%
Selina KyleCatwoman
75.4%
Barry AllenFlash
74.5%
Diana PrinceWonder Woman
74.5%
Kara Zor-ElSupergirl
72.2%
Edward NigmaThe Riddler
68.2%
Oswald CobblepotPenguin
66.6%
J'onn J'onzzMartian Manhunter
64.5%
Arthur CurryAquaman
60.2%
John StewartGreen Lantern
58.7%
Connor KentSuperboy
58.6%
Pamela IsleyPoison Ivy
57.6%
Jonathan CraneScarecrow
57.4%
Billy BatsonCaptain Marvel
56.2%
Victor FriesMister Freeze
54%
Ray PalmerAtom
53.2%
Roy HarperRed Arrow
52.8%
Slade WilsonDeathstroke
52.8%
Dinah LanceBlack Canary
52.3%
Alan ScottGreen Lantern
48.7%
Kathy KaneBatwoman
44.8%
Carter HallHawkman
44.8%
Shayera HolHawkgirl
44.5%
Vic StoneCyborg
43.8%
Helena BertinelliHuntress
41%
Donna TroyWonder Girl
40.3%
Garfield LoganBeast Boy
39%
Ted KordBlue Beetle
38.2%
Secret Identity Costumed Name % Correct
Teth-AdamBlack Adam
35.5%
M'gann M'orzzMiss Martian
35.4%
John Henry IronsSteel
34.8%
Jervis TetchMad Hatter
34.4%
Ronnie RaymondFirestorm
33.5%
Ralph DibnyElongated Man
33.2%
Hank HallHawk
32.8%
Thomas ElliotHush
31.2%
Jean-Paul ValleyAzrael
31.1%
Renee MontoyaThe Question
28.2%
Boston BrandDeadman
27.8%
Mary BatsonMary Marvel
27.7%
William HandBlack Hand
25.3%
Ted GrantWildcat
23.1%
Jefferson PierceBlack Lightning
22.5%
Don HallDove
22.2%
Virgil HawkinsStatic
21.9%
Rose WilsonRavager
21.8%
Patrick 'Eel' O'BrianPlastic Man
21.8%
Buddy BakerAnimal Man
21.3%
Scott FreeMister Miracle
20.7%
Tatsu YamashiroKatana
20.5%
Jack RyderCreeper
20.5%
Tara MarkovTerra
19.4%
Barbara MinervaCheetah
19.2%
Crispus AllenThe Spectre
18.7%
Kimiyo HoshiDoctor Light
18.4%
Beatriz da CostaFire
18.3%
Courtney WhitmoreStargirl
18.1%
Rex MasonMetamorpho
17.7%
Michael CarterBooster Gold
17.7%
William TockmanClock King
17%
Alec HollandSwamp Thing
16.9%
Tora OlafsdotterIce
16.7%
Secret Identity Costumed Name % Correct
Karen StarrPower Girl
16.4%
Freddy FreemanCaptain Marvel Jr
16.4%
Hector HallDoctor Fate
16.2%
Rex TylerHourman
15.8%
Rachel RothRaven
15.7%
Thomas BlakeCatman
15.5%
Michael HoltMister Terrific
15.3%
Brion MarkovGeo-Force
15.2%
Joseph WilsonJericho
14.6%
Garth RanzzLightning Lad
13.9%
Mari McCabeVixen
13.8%
Kate SpencerManhunter
13.6%
Cliff SteeleRobotman
12.7%
Jimmy OlsenMr Action
12.3%
Libby ChambersLiberty Belle
12.2%
Dan CassidyBlue Devil
11.9%
Jack KnightStarman
11.5%
Irwin SchwabAmbush Bug
11.4%
Albert RothsteinAtom Smasher
11.2%
Jennie-Lynn HaydenJade
11.1%
Rokk KrinnCosmic Boy
11.1%
Imra ArdeenSaturn Girl
11%
Will EverettAmazing Man
10.9%
Rita FarrElasti-Girl
10.5%
Lar GandMon-El
10.4%
Sanderson HawkinsSand
10.1%
Larry TrainorNegative Man
9.7%
Todd RiceObsidian
9.6%
Zinda BlakeLady Blackhawk
8.6%
Eddie BloombergKid Devil
8.2%
Steve DaytonMento
7.1%
Cindy ReynoldsGypsy
5.7%

You're not logged in!

Compare scores with friends on all Sporcle quizzes.
OR
Log In

From the Vault

States vs. Countries

by naqwerty3

This is the ultimate showdown.
Remove Ads.
Support Sporcle.
Get the best of Sporcle when you Go Orange. This ad-free experience offers more features, more stats, and more fun while also helping to support Sporcle. Thank you for becoming a member.

Show Comments

Extras

Top Quizzes Today


Score Distribution

Your Account Isn't Verified!

In order to create a playlist on Sporcle, you need to verify the email address you used during registration. Go to your Sporcle Settings to finish the process.

Report this User

Report this user for behavior that violates our Community Guidelines.

Details: